000 00372 a2200169 4500
001 164657
020 _a85-7056-149-0
040 _cMagnum
100 _aSegato, Carlos Augusto
240 1 0 _aA estrada de San Martín
_lpor
245 1 0 _aA estrada de San Martín
300 _a121
362 0 _a1994
440 1 _aAtual
697 _aLITERATURA JUVENIL
942 _cBK
999 _c164657
_d164657